Evropská ochrana náboženské svobody

Bibliographic Details
Main Author: Spratek, Daniel (Author)
Format: Book
Language:Czech
PhysicalDescription:228 s. 21 cm
Published: Brno L. Marek 2008
ISBN:9788087127131
Edition:1. vyd.
Series:Deus et gentes
Subjects:

MARC

LEADER 00000cam a2200000 a 4500
001 vtls009491026
003 SK-MaSNL
005 20260301171238.0
008 251124s2008 xr g 001 0 cze
020 |a 9788087127131  |q (brož.) 
040 |a SNK  |b slo  |c SNK  |e AACR2 
041 0 |a cze 
044 |a xr  |c CZ 
072 7 |a 342  |x Ústavné právo. Správne právo  |2 konspekt 
080 |a 342.731  |2 2001 
080 |a 316.647.5  |2 2001 
080 |a 37.017.7  |2 2001 
080 |a 327.7  |2 2001 
080 |a (048.8)  |2 2001 
100 1 |a Spratek, Daniel  |4 aut  |9 538636 
245 1 0 |a Evropská ochrana náboženské svobody  |c Daniel Spratek 
250 |a 1. vyd. 
260 |a Brno  |b L. Marek  |c 2008 
300 |a 228 s.  |c 21 cm 
490 1 |a Deus et gentes  |v sv. 11 
500 |a Vydav. Husistská teologická fakulta Univerzity Karlovy v Prahe 
504 |a Obsahuje bibliogr., bibliografické odkazy a reg. 
648 7 |a 21. stor.  |2 SNKPH  |9 304714 
650 0 7 |a sloboda vyznania  |2 SNKPH  |9 2175 
650 0 7 |a sloboda svedomia  |2 SNKPH  |9 2176 
650 0 7 |a tolerancia (sociálne vedy)  |2 SNKPH  |9 69135 
650 0 7 |a výchova k ľudským právam  |2 SNKPH  |9 69136 
650 0 7 |a medzinárodné inštitúcie a organizácie  |2 SNKPH  |9 73817 
655 7 |a monografie  |2 SNKPH  |9 70139 
830 0 |a Deus et gentes  |9 314747 
919 |a 978-80-87127-13-1 
999 |c 830199  |d 832129 
952 |t snkSPR 342  |a SNKUST  |b SNKUST  |y PREZ  |7 0  |p 17A0625750  |o snkIC 137925  |i snk2009/13157  |8 4  |g 5.56  |0 0  |1 0  |4 0  |d 2009-06-18  |f 1  |l 0  |r 2025-05-28 00:00:00  |w 2026-02-24